000 01448nam a22003377a 4500
003 DO-SdBNP
005 20250402143809.0
007 ta
008 250402b2024 dr ac||| |||| 00| 0 spa d
020 _a9789945629439
040 _aDO-SdBNP
_bspa
_cBNPHU
_erda
082 4 _a306.097293
_bV145c 2024
_222
100 1 _aValdez Albizu, Héctor,
_d1947-
_eautor
_4aut.
_912322
245 1 3 _aLa cultura en el Banco Central :
_bdiscursos 2022-2024 /
_cHéctor Valdez Albizu ; edición, José Alcántara Almánzar
250 _aprimera edición
264 4 _aSanto Domingo :
_bBanco Central de la República Dominicana,
_c©2024.
300 _a143 paginas
_bilustraciones, retratos ;
_c23 cm
336 _atexto
_btxt
_2rdacontent
337 _asin mediación
_bn
_2rdamedia
338 _avolumen
_bnc
_2rdacarrier
490 _aColección Banco Central de la República Dominicana.
_v313
490 _a Serie Arte y Literatura.
_v117
500 _aIncluye datos biográficos del autor en las solapas
590 _aInventariado, 2024/BT
650 4 _aCultura
_zRepública Dominicana
_xCongresos
_xConferencias
_y2020-2022
_982186
650 4 _aBanco Central de la República Dominicana
_xArtes
_y2020-2022
_zRepública Dominicana
_982187
700 1 _aAlcántara Almánzar, José,
_eeditor
_4ed.
_987139
830 _aColección Banco Central de la República Dominicana.
_n291-110
_p Serie Arte y literatura.
_987310
910 _aBtavárez
942 _2ddc
_cLBS1
999 _c58578
_d58578